00565nam a2200169 a 450000100100000000500170001000800410002702000150006804000250008308200150010810000270012324500460015026000410019630000280023795201130026599900170037800003548120200930074356.0111101s2000 ag a 000 0 spa d a9501520862 aDO-SdBNPbspacBNPHU axxxxbxxxx1 aGoleman, Daniel96135513aEl espíritu creativo /cDaniel Goleman. aBarcelona, :bJavier Vergara,c2000. a215 p. :bil. ;c24 cm. 001050718MOaGRbGRcHDd2011-11-01iLF1l0oxxxx xxxxp35481-10r2020-06-25w2020-06-25y1ZNo se presta c34972d34972